| 000 | 00427nam a2200157Ia 4500 | ||
|---|---|---|---|
| 008 | 210716s2004 xx 000 0 und d | ||
| 020 | _a9780195670660 | ||
| 041 | _aeng | ||
| 082 | _a574.19245 CRET | ||
| 100 | _aCreighton, T E. | ||
| 245 |
_aProtein structure: a beginners guide. _bBeginners guide. |
||
| 250 | _a1 | ||
| 260 |
_aNew Delhi _bOxford University Press _c2004 |
||
| 300 | _axxiii,383 | ||
| 650 | _aBioinformatics | ||
| 999 |
_c188220 _d188220 |
||